000 00496nam a2200193Ia 4500
005 20250116030311.0
008 240331s9999 xx 000 0 und d
020 _a9788125008088
082 _bTHA
_a930
100 _aThapar,R
245 0 _aAncient Indian Social History :
_bSome Interpretations
250 _a2nd
260 _aNew Delhi
_bOrient Blackwarn Private Limited
_c2010
300 _aXii, 439 p .,
650 _aHistory
650 _aSocial
650 _aAncient India
942 _cL
999 _c5672
_d5672